Normal view
MARC view
- Siddique, M. Zeeshan
Entry Personal Name
001 - CONTROL NUMBER
- control field: 119614
003 - CONTROL NUMBER IDENTIFIER
- control field: NUST
005 - DATE AND TIME OF LATEST TRANSACTION
- control field: 20231211104504.0
008 - FIXED-LENGTH DATA ELEMENTS
- fixed length control field: 231211|| aca||aabn | a|a d
040 ## - CATALOGING SOURCE
- Original cataloging agency: NUST
- Transcribing agency: NUST
100 ## - HEADING--PERSONAL NAME
- Personal name: Siddique, M. Zeeshan
670 ## - SOURCE DATA FOUND
- Source citation: Work cat.: (NUST): Siddique, M. Zeeshan , Investigation of Turning Parameter of Machining Inconel 718 /
